000 00551nam a22001577a 4500
999 _c533596
_d533596
020 _qHard Cover.
082 _a624.1
100 _aGul, Sana
245 _aResponse of Self-Consolidating Paste Systems Containing Acacia Nilotica Gum Powder Changes with Mixing Water Content /
_cSana Gul.
260 _aIslamabad:
_bSCEE - NUST,
_c2017.
300 _a52 p. :
_bill. ;
_c30cm.
942 _2ddc
_cTHE
650 _aStructural Engineering MS-Thesis.
_917039
700 _aDr. Syed Ali Rizwan
_927327